1542 1439 1113 1247 1086 1799 1638 1536 1475 1634 1305 1813 1320 1231 1584 1895 1549 1760 1048 1251 1242 1573 1402 1416 1588 1325 1588 1143 1787 1658 1774 1495 1886 1985 1262 1068 1286 1385 1750 1565 1851 1231 1028 1347 1748 1186 1556 1845 1937 1375 1065 1704 1084 1039 1889 1171 1495 1177 1777 1338 1528 1046 1205 1527 1720 1340 1346 1136 1132 1265 1780 1760 1840 1798 1461 1140 1660 1074 1077 1007 1503 1582 1392 1279 1894 1545 1982 1949 1240 1436 1882 1690 1763 1407 1365 1637 1763 1716 1937 BCNSPRNW ULIB Ver.6.0+V

เปลี่ยนเป็นภาษาไทย

Change to English
 แสดงรายละเอียดบรรณานุกรม
  กลับหน้าหลัก

Brief Record : Get Marc (ISO 2709) : E-mail record : QR code < ปิดหน้าต่าง
LEADER : 00000nam 2200000uu 4500
001    13399113343
003     ULIB
008    110627s2553||||th 000 0 tha d
020    9786165000574
090    นว.^bพ723ร 2553
100 0  พิมพิสุธญ์
245 00 รักให้ลุ้นวุ่นหัวใจ/^cพิมพิสุธญ์
250    พิมพ์ครั้งที่ 1
260    กรุงเทพฯ :^bพิมพ์คำ,^c2553
300    367 หน้า
710 1  พิมพ์คำ
945    ^p230^l0^i028040
995    ทศพร
999 ^a ใช้งานได้ทุกระบบ
รายการนี้ยังไม่มีแท็ก
คุณยังไม่ได้ล็อกอิน คุณสามารถมีกิจกรรมร่วมกับเว็บไซต์ได้ แต่ต้องล็อกอินก่อน ::
  ล็อกอิน

รายการสื่อสารสนเทศ

ลำดับที่ ประเภท เลขเรียก/บาร์โค้ด สถานที่ สถานะ
- ไม่พบข้อมูล -

รายการใกล้เคียง
    ผู้แต่ง [พิมพิสุธญ์]

BibComment


ยังไม่เคยถูกคอมเมนท์

คอมเมนท์ทรัพยากรรายการนี้
  คอมเมนท์: รักให้ลุ้นวุ่นหัว..


 Copyright 2026. Bcnsprnw @Library